Psicología aplicada
Uloženo v:
| Médium: | Kniha |
|---|---|
| Jazyk: | španělština |
| Vydáno: |
Buenos Aires
Paidos
1972
|
| Edice: | Biblioteca de psicología y sociología aplicadas Paidos
|
| Témata: | |
| Tagy: |
Přidat tag
Žádné tagy, Buďte první, kdo vytvoří štítek k tomuto záznamu!
|
MARC
| LEADER | 00000nam a2200000 a 4500 | ||
|---|---|---|---|
| 001 | UCY4623 | ||
| 003 | CL-VaPUC | ||
| 008 | 950321e19720000AG |||||||||||||||||spa|d | ||
| 082 | 0 | 4 | |a 158 |b PSI |2 21 |
| 245 | 1 | 0 | |a Psicología aplicada |
| 300 | |a 604 p | ||
| 942 | |c BK | ||
| 945 | |d 19950321 00:00:00 |a rbrito | ||
| 260 | |a Buenos Aires |b Paidos |c 1972 | ||
| 650 | 0 | |a Psicología aplicada |9 270762 | |
| 650 | 0 | |a Psicología social |9 222894 | |
| 650 | 0 | |a Relaciones humanas |9 307340 | |
| 583 | |a last modification |c 20181001 01:12:24 |k Rodrigo Vera | ||
| 490 | 0 | |a Biblioteca de psicología y sociología aplicadas Paidos | |
| 999 | |c 232421 |d 232419 | ||
| 952 | |0 0 |1 0 |4 0 |6 158_000000000000000_PSI_1972 |7 0 |8 P |9 236793 |a BIBEDU |b BIBEDU |c BIBEDU_PB |d 2019-11-15 |i 3064816 |o 158 PSI 1972 |p 3064816 |r 2024-01-25 |w 2019-11-15 |y BK |k EDU | ||
| 952 | |0 0 |1 0 |4 0 |6 158_000000000000000_PSI_1972 |7 0 |8 P |9 236794 |a BIBEDU |b BIBEDU |c BIBEDU_PB |d 2019-11-15 |i 3069117 |o 158 PSI 1972 |p 3069117 |r 2024-01-25 |w 2019-11-15 |y BK |k EDU | ||
| 952 | |0 0 |1 0 |4 0 |6 158_000000000000000_PSI_1972 |7 0 |8 P |9 236795 |a BIBEDU |b BIBEDU |c BIBEDU_PB |d 2019-11-15 |i 3069125 |o 158 PSI 1972 |p 3069125 |r 2024-01-25 |w 2019-11-15 |y BK |k EDU | ||
| 952 | |0 0 |1 0 |4 0 |6 158_000000000000000_PSI_1972 |7 0 |8 P |9 236796 |a BIBEDU |b BIBEDU |c BIBEDU_PB |d 2019-11-15 |i 3069133 |o 158 PSI 1972 |p 3069133 |r 2024-01-25 |w 2019-11-15 |y BK |k EDU | ||